00440nam a2200145Ia 4500008004100000020001800041041000800059082001600067100006100083245005000144250000600194260006200200300001100262650002100273210716s2019 xx 000 0 und d a9789352138777 aeng a005.76 ORET aOreilly,Tim; Loukides, Mike; Steele, Julie; Hill, Colin. aHow data science is transforming health care. a1 aMumbaibShroff Publishers and Distributors Pvt Ltdc2019 aiii,22 aData Warehousing